000 00601nam a2200205Ia 4500
005 20250923144641.0
008 008 250917s9999 xx 000 0 eng d
037 _aTextual
040 _aDSWL
_beng
_cDSWL
041 _aeng
_2eng
084 _aZIowY31, No7
_qDSWL
100 _aMaine, Henry Summer
_9826999
245 0 _aVillage communities in the East and the West
_cby Henry Summer Maine
260 _aLondon
_b John Murray Street
_c1907
300 _axiv,418p.
365 _aINR
_b25
925 _g25
942 _cTEXL
_hZIowY31, No7
999 _c1441618
_d1441618